Yield and fruit quality of avocado grown at different planting densities in Colombia (Registro n. 299934)
[ somente texto ]
| 000 -LÍDER | |
|---|---|
| fixed length control field | 03518nab a2200313 i 4500 |
| 003 - CÓDIGO MARC DA AGÊNCIA CATALOGADORA | |
| Campo de controle | BR-BrBNA |
| 005 - DATA E HORA DA ÚLTIMA ATUALIZAÇÃO | |
| Campo de controle | 20240606125115.0 |
| 008 - CAMPO DE TAMANHO FIXO | |
| fixed length control field | 240606b2023 bl.ar|pooa||| 00| 0 eng | |
| 040 ## - FONTE DA CATALOGAÇÃO | |
| Agência catalogadora | BR-BrBNA |
| Idioma da catalogação | eng |
| 072 ## - CATEGORIA AGRIS | |
| Código AGRIS | F01 |
| Código do objeto | 1110 |
| 100 ## - ENTRADA PRINCIPAL - NOME PESSOAL | |
| Nome pessoal | Cano-Gallego, Lucas Esteban |
| 100 ## - ENTRADA PRINCIPAL - NOME PESSOAL | |
| Nome pessoal | Bedoya-Ramírez, Sara Isabel |
| 100 ## - ENTRADA PRINCIPAL - NOME PESSOAL | |
| Nome pessoal | Bernal-Estrada, Jorge Alonso |
| 100 ## - ENTRADA PRINCIPAL - NOME PESSOAL | |
| Nome pessoal | Barrera-Sánchez, Carlos Felipe |
| 100 ## - ENTRADA PRINCIPAL - NOME PESSOAL | |
| Nome pessoal | Córdoba-Gaona, Oscar de Jesús |
| 245 ## - TÍTULO PRINCIPAL | |
| Título principal | Yield and fruit quality of avocado grown at different planting densities in Colombia |
| 500 ## - NOTA GERAL | |
| Nota geral | <br/>Publicação on-line; 28 ref.; 3 tables; 3 illus.; Summaries (En, Pt) |
| 942 ## - ADDED ENTRY ELEMENTS (KOHA) | |
| Koha item type | |
| 520 ## - NOTA DE RESUMO | |
| Nota de conteúdo | <br/><br/>Abstract – The objective of this work was to determine the effect of planting<br/>densities on the yield and quality of 'Hass' avocado (Persea americana) in<br/>the department of Antioquia, Colombia. The experimental design was<br/>randomized complete blocks with three replicates. The treatments were six<br/>plant densities (204, 278, 333, 400, 625, and 816 trees per hectare) with five<br/>harvest seasons, and each experimental unit consisted of six nine-year-old<br/>trees. The highest fruit yield is obtained at 333 and 400 trees per hectare. The<br/>main harvest represents 70% (18 Mg ha-1) of the annual production, whereas<br/>the secondary (mitaca) harvest represents 30% (5.25 Mg ha-1). Yield per tree<br/>and number of avocado fruits per tree are negatively affected by the increase<br/>in planting densities. In addition, fruit quality parameters show better results<br/>at intermediate planting densities of 333 and 400 trees per hectare, with the<br/>highest ratios of mesocarp and the lowest of seed, both in fresh and dry weight.<br/><br/><br/>Index terms: Persea americana, planting system, tree spacing, yield potential |
| 520 ## - NOTA DE RESUMO | |
| Nota de conteúdo | <br/><br/>Resumo – O objetivo deste trabalho foi determinar o efeito de densidades de<br/>plantio na produção e na qualidade do abacateiro 'Hass' (Persea americana)<br/>no departamento de Antioquia, Colômbia. O delineamento experimental<br/>foi de blocos ao acaso, com três repetições. Os tratamentos foram seis<br/>densidades de plantio (204, 278, 333, 400, 625 e 816 árvores por hectare)<br/>com cinco colheitas, e cada unidade experimental consistiu em seis árvores<br/>com nove anos de idade. O maior rendimento é obtido às densidades de 333 e<br/>400 árvores por hectare. A colheita principal representa 70% (18 Mg ha-1) da<br/>produção anual, enquanto a colheita secundária (mitaca) representa 30% (5.25<br/>Mg ha-1). A produção por árvore e o número de frutos de abacate por árvore é<br/>afetado negativamente pelo aumento das densidades de plantio. Além disso,<br/>os parâmetros de qualidade dos frutos apresentam melhores resultados nas<br/>densidades de plantio intermediárias de 333 e 400 árvores por hectare, com<br/>as maiores proporções de mesocarpo e a menor de sementes, tanto em massa<br/>fresca quanto em seca.<br/><br/><br/>Termos para indexação: Persea americana, sistema de plantio, espaçamento<br/>entre árvores, potencial de rendimento |
| 650 ## - ASSUNTO - THESAGRO | |
| Cabeçalho tópico ou nome geográfico | ABACATE |
| 650 ## - ASSUNTO - THESAGRO | |
| Cabeçalho tópico ou nome geográfico | DENSIDADE DE PLANTIO |
| 650 ## - ASSUNTO - THESAGRO | |
| Cabeçalho tópico ou nome geográfico | ESPAÇAMENTO |
| 650 ## - ASSUNTO - THESAGRO | |
| Cabeçalho tópico ou nome geográfico | RENDIMENTO |
| 650 ## - ASSUNTO - THESAGRO | |
| Cabeçalho tópico ou nome geográfico | COLÔMBIA |
| 773 0# - ENTRADA ANALÍTICA | |
| Host Biblionumber | 920 |
| Registro do item | 25804 |
| Imprenta | Brasília-DF Empresa Brasileira de Pesquisa Agropecuária - EMBRAPA 1966- |
| Outro identificador | 2023-436359 |
| Título | Pesquisa Agropecuária Brasileira (Brazil) |
| ISSN | 0100-204X |
| Colação | v. 58 p. 1-11; (2023) |
| Número de controle de registro | BR2024001111 |
| 856 ## - ACESSO E ENDEREÇO ELETRÔNICO | |
| Identificador uniforme de recurso - URI | https://www.scielo.br/j/pab/a/ZZBGyWNWqSr5Yzjt5k57DrN/?format=pdf&lang=en |
Nenhum exemplar disponível.

BINAGRI